Nationalized companies (Record no. 78727)
[ view plain ]
| 000 -LEADER | |
|---|---|
| fixed length control field | 01573nam a2200265 a 4500 |
| 008 - FIXED-LENGTH DATA ELEMENTS--GENERAL INFORMATION | |
| fixed length control field | 120416s1983 ||||||||||||||||| || u |
| 020 ## - INTERNATIONAL STANDARD BOOK NUMBER | |
| International Standard Book Number | 0070715696 |
| 050 ## - LIBRARY OF CONGRESS CALL NUMBER | |
| Classification number | HD 4138 Mon |
| 100 ## - MAIN ENTRY--PERSONAL NAME | |
| Personal name | Monsen, R. Joseph |
| 245 10 - TITLE STATEMENT | |
| Title | Nationalized companies |
| 246 ## - | |
| -- | a threat to American business |
| 260 ## - PUBLICATION, DISTRIBUTION, ETC. | |
| Place of publication, distribution, etc. | New York : |
| Name of publisher, distributor, etc. | McGraw-Hill |
| Date of publication, distribution, etc. | 1983. |
| 300 ## - PHYSICAL DESCRIPTION | |
| Extent | xiii, 178p. : ill |
| 350 ## - | |
| -- | 0.00 |
| 500 ## - GENERAL NOTE | |
| General note | Bibliography. |
| 650 #0 - SUBJECT ADDED ENTRY--TOPICAL TERM | |
| Topical term or geographic name entry element | BUSINESS |
| 650 ## - SUBJECT ADDED ENTRY--TOPICAL TERM | |
| Topical term or geographic name entry element | Government business enterprises-- Europe |
| 700 ## - ADDED ENTRY--PERSONAL NAME | |
| Personal name | Walters, Kenneth D |
| 995 ## - | |
| -- | ANNEX COLLECTION (Main Library) |
| -- | 0.00 |
| -- | 713075 |
| -- | CBU-MAIN LIBRARY (Kitwe) |
| -- | 5 |
| -- | 17.95 |
| -- | HD 4138 Mon |
| -- | 5 |
| -- | AVAILABLE |
| -- | Jun 27, 2006 |
| -- | 004173 |
| -- | Annex Low-Usage Collection |
| 995 ## - | |
| -- | ANNEX COLLECTION (Main Library) |
| -- | 0.00 |
| -- | 713076 |
| -- | CBU-MAIN LIBRARY (Kitwe) |
| -- | 3 |
| -- | 17.95 |
| -- | HD 4138 Mon |
| -- | 3 |
| -- | AVAILABLE |
| -- | Jun 27, 2006 |
| -- | 004172 |
| -- | Annex Low-Usage Collection |
| 995 ## - | |
| -- | ANNEX COLLECTION (Main Library) |
| -- | 0.00 |
| -- | 710484 |
| -- | CBU-MAIN LIBRARY (Kitwe) |
| -- | 4 |
| -- | 17.95 |
| -- | HD 4138 Mon |
| -- | 4 |
| -- | AVAILABLE |
| -- | Jun 27, 2006 |
| -- | 004171 |
| -- | Annex Low-Usage Collection |
| 995 ## - | |
| -- | ANNEX COLLECTION (Main Library) |
| -- | 0.00 |
| -- | 710483 |
| -- | CBU-MAIN LIBRARY (Kitwe) |
| -- | 6 |
| -- | 17.95 |
| -- | HD 4138 Mon |
| -- | 6 |
| -- | AVAILABLE |
| -- | Jun 27, 2006 |
| -- | 004170 |
| -- | Annex Low-Usage Collection |
| 995 ## - | |
| -- | ANNEX COLLECTION (Main Library) |
| -- | 0.00 |
| -- | 710481 |
| -- | CBU-MAIN LIBRARY (Kitwe) |
| -- | 2 |
| -- | 17.95 |
| -- | HD 4138 Mon |
| -- | 1 |
| -- | AVAILABLE |
| -- | 004174 |
| -- | Annex Low-Usage Collection |
| 995 ## - | |
| -- | ANNEX COLLECTION (Main Library) |
| -- | 0.00 |
| -- | 710482 |
| -- | CBU-MAIN LIBRARY (Kitwe) |
| -- | 1 |
| -- | 17.95 |
| -- | HD 4138 Mon |
| -- | 2 |
| -- | AVAILABLE |
| -- | Jun 27, 2006 |
| -- | 004169 |
| -- | Annex Low-Usage Collection |
| 999 ## - | |
| -- | 78727 |
| -- | 78727 |
| Withdrawn status | Lost status | Source of classification or shelving scheme | Damaged status | Not for loan | Permanent Location | Current Location | Shelving location | Date acquired | Total Checkouts | Full call number | Barcode | Date last seen | Copy number | Price effective from | Koha item type |
|---|---|---|---|---|---|---|---|---|---|---|---|---|---|---|---|
| CBU-MAIN LIBRARY, KITWE. | CBU-MAIN LIBRARY, KITWE. | 06/06/2023 | HD 4138 Mon | 004173 | 06/06/2023 | 1 | 06/06/2023 | MONOGRAPH | |||||||
| Withdrawn | CBU-MAIN LIBRARY, KITWE. | CBU-MAIN LIBRARY, KITWE. | 06/06/2023 | HD 4138 Mon | 004172 | 06/06/2023 | 2 | 06/06/2023 | MONOGRAPH | ||||||
| Withdrawn | CBU-MAIN LIBRARY, KITWE. | CBU-MAIN LIBRARY, KITWE. | 06/06/2023 | HD 4138 Mon | 004171 | 06/06/2023 | 3 | 06/06/2023 | MONOGRAPH | ||||||
| CBU-MAIN LIBRARY, KITWE. | CBU-MAIN LIBRARY, KITWE. | 06/06/2023 | HD 4138 Mon | 004170 | 06/06/2023 | 4 | 06/06/2023 | MONOGRAPH | |||||||
| Withdrawn | CBU-MAIN LIBRARY, KITWE. | CBU-MAIN LIBRARY, KITWE. | 06/06/2023 | HD 4138 Mon | 004174 | 06/06/2023 | 5 | 06/06/2023 | MONOGRAPH | ||||||
| Withdrawn | CBU-MAIN LIBRARY, KITWE. | CBU-MAIN LIBRARY, KITWE. | 06/06/2023 | HD 4138 Mon | 004169 | 06/06/2023 | 6 | 06/06/2023 | MONOGRAPH |